Responses for Show #1946 - Monday, February 8, 1993

First show with Merv Griffin Enterprises "cloud background" logo.

Contestants

[<< previous game]

Hank Chambers, an attorney originally from Washington, D.C.

Krista Huckabone, a French teacher from Kenmore, New York

Phil Klinkner, a political science professor originally from Clinton, Iowa (whose 1-day cash winnings total $3,200)

[next game >>]

Jeopardy! Round responses

"A" IN HISTORY
(Alex: Each correct response will begin with that letter of the alphabet.)
PRO FOOTBALL TEAMS
FASHION
AMERICANA
ROOMS
NUMBER, PLEASE
    $100 1
Athens

Krista
    $100 4
the San Francisco 49ers

Phil
    $100 2
toreador pants

Krista
    $100 3
the Mormon Tabernacle

Hank
    $100 18
a ward

Phil
    $100 22
(Hank: What is [*]-love?)

15

Hank
    $200 5
Algiers

Krista
    $200 9
Denver Broncos

Krista
    $200 13
sandals

Krista
    $200 16
South Dakota

Phil
    $200 27
a pantry

Phil
    $200 23
(Hank: What is one?)
...
(Alex: Hank, I thought you were beginning to form the word [*], and it seemed as if in midstream, you changed your mind and went to one. That's unfortunate.)

three

Hank
Triple Stumper
    $300 6
Alexandra

Phil
    $300 10
the Chicago Bears

Krista
    $300 14
(Hank: What is a Mandarin coat?)

a dress

Hank
Triple Stumper
    $300 17
Albany

Krista
    $300 28
boudoir

Phil
    $300 24
1492

Phil
    $400 7
Augustus

Hank
    $400 11
the Tampa Bay Buccaneers

Phil
    $400 15
a bolo tie

Phil
    $500 19
Kennedy Center

Phil
    $400 29
(Phil: What is a catacomb?)

a crypt

PhilKrista
    $400 25
sixes & sevens

Krista
    $500 8
Arlington National Cemetery

Triple Stumper
    $500 12
the Dallas Cowboys

Krista
    $500 21
a comb

Krista
    $500 20
Calvin Coolidge

Phil
    $500 30
a garret

Phil
    $500 26
20

Hank

Scores at the first commercial break (after clue 15):

Phil Krista Hank
$1,200 $1,600 $200

Scores at the end of the Jeopardy! Round:

Phil Krista Hank
$3,400 $3,200 $600

Double Jeopardy! Round responses

BOOKS OF THE BIBLE
NUTRITION
PLAYS
WORLD GEOGRAPHY
POLITICIANS
MARK TWAIN QUOTES
    $200 1
Exodus

Hank
    $200 24
A

Hank
    $200 3
Vienna

Phil
    $200 9
the Atlantic Ocean

Phil
    $200 4
(Edward) Koch

Hank
    $200 17
Huck Finn

Hank
    $400 2
Job

Krista
    $400 27
(Vitamin) D

Hank
    $400 11
Joan of Arc

Krista
    $400 10
the Ile de la Cite

Krista
    $400 5
Dole

Hank
    $400 18
work

Krista
    $600 30
(Phil: What is [*]s?)

Revelation

Phil
    $600 28
clot

Hank
    $600 12
New Orleans

Triple Stumper
    $600 14
the Virgin Islands

Phil
    $600 6
(George) Wallace

Hank
    $600 20
when he can

Hank
    $800 23
Ruth

Krista
    $800 29
(Hank: What is salt?)
(Alex: Hmm.)
(Hank: What is [*]?)
(Alex: [*], all right.)

sodium

Hank
    $800 13
Harvey Fierstein

Phil
    $800 15
St Moritz

Hank
    $800 7
Tom Foley

Phil
    $800 21
the truth

Hank
    $3,400 25
(Hank: What are Revelations?)

the Acts of the Apostles

Hank
    $1000 26
trace elements

Phil
    $2,200 19
Martha & George

Krista
    $1000 16
Tunisia

Phil
    $1000 8
George Mitchell

Phil
    $1000 22
(Hank: What is eat?)

travel with them

Hank
Triple Stumper

Scores at the end of the Double Jeopardy! Round:

Phil Krista Hank
$9,600 $7,800 $2,000

[wagering suggestions for these scores]

Final Jeopardy! Round responses

FICTIONAL CHARACTERS
(Alex: Wuthering Heights by Emily Brontë.)
HankWho is Heathcliff?
$199
KristaWho was Heathcliff?
$3,799
PhilWho is Oliver Twist
$6,001
Heathcliff

Final scores:

Phil Krista Hank
$3,599 $11,599 $2,199
2nd place: a trip to Honolulu, Hawaii New champion: $11,599 3rd place: Sanyo stereo system + Wheel of Fortune & Jeopardy! games for the Super Nintendo & Sega Genesis

Game dynamics:

Coryat scores:

Phil Krista Hank
$9,500 $6,600 $5,400
21 R
(including 1 DD),
1 W
17 R
(including 1 DD),
0 W
16 R,
4 W
(including 1 DD)

Combined Coryat: $21,500

[game clues] [game scores] [suggest correction]

Game tape date: 1992-11-09
The J! Archive is created by fans, for fans. Scraping, republication, monetization, and malicious use prohibited; this site may use cookies and collect identifying information. See terms. The Jeopardy! game show and all elements thereof, including but not limited to copyright and trademark thereto, are the property of Jeopardy Productions, Inc. and are protected under law. This website is not affiliated with, sponsored by, or operated by Jeopardy Productions, Inc. Join the discussion at JBoard.tv.